5-Star Movies II Quiz Stats

 Plays Quiz Updated Jan 8, 2015

Also try: 5-Star Movies
Challenge
Share
Tweet
Embed
Score 0/50 Timer 06:00
0 Plays Today
% Correct
Al Pacino
96.5%
Tom Hanks
94.5%
Marlon Brando
93.8%
Matt Damon
90.2%
Will Ferrell
88.9%
Leonardo DiCaprio
88.6%
Bradley Cooper
83.6%
Steve Carell
82.2%
John Cleese
82.2%
Jennifer Lawrence
81.5%
James Caan
81%
Amy Adams
79.9%
Quentin Tarantino
79.1%
Robert Duvall
78.5%
Paul Rudd
75.9%
Mark Wahlberg
75.9%
Harvey Keitel
75.3%
Christian Bale
75.2%
Bruce Willis
75%
Christina Applegate
74.8%
Eric Idle
73.9%
Steve Buscemi
73.3%
Steve McQueen
73%
Jessica Alba
72.7%
Charles Bronson
71.3%
% Correct
Ellen Page
69.8%
Yul Brynner
69.3%
Diane Keaton
68.3%
Graham Chapman
68.3%
Michael Palin
67.4%
Vince Vaughn
66.6%
Burt Reynolds
66.1%
Terry Jones
65.3%
Tim Roth
64.8%
James Coburn
64.4%
Julianne Moore
63.6%
Mickey Rourke
62.3%
Tom Sizemore
62.2%
Tom Hardy
61.3%
Phillip Seymour Hoffman
59.6%
Marion Cotillard
57.5%
Benicio Del Toro
56%
Vin Diesel
55.8%
Jeremy Renner
55.1%
Clive Owen
53.6%
Robert Vaughn
53.5%
Chris Penn
52.5%
Don Cheadle
48.6%
Michael Caine
48.1%
Ted Danson
36.5%

You're not logged in!

Compare scores with friends on all Sporcle quizzes.
OR
Log In

You Might Also Like...

Show Comments

Extras

Top Quizzes Today


Score Distribution

Your Account Isn't Verified!

In order to create a playlist on Sporcle, you need to verify the email address you used during registration. Go to your Sporcle Settings to finish the process.

Report this User

Report this user for behavior that violates our Community Guidelines.

Details: